| 000 | 004470000a22001810004500 | ||
|---|---|---|---|
| 003 | MACL | ||
| 005 | 20150728161405.0 | ||
| 008 | 150728b xxu||||| |||| 00| 0 eng d | ||
| 040 |
_aMACL _cMACL |
||
| 041 | _aEnglish | ||
| 082 | _a330/MAG | ||
| 100 |
_aMagdoff, Harry _92927 |
||
| 245 | _aStagnation and the Financial Explosion | ||
| 260 |
_bAakar Books _c2008 _aDelhi |
||
| 350 | _a250 | ||
| 650 |
_aEconomics _92928 |
||
| 942 |
_cBK _k330/MAG _2ddc |
||
| 999 |
_c42835 _d42835 |
||